| 000 | 00592nam a2200217Ia 4500 | ||
|---|---|---|---|
| 008 | 180523s9999 xx 000 0 und d | ||
| 020 | _a81-261-1497-5 | ||
| 050 | _aMAIN HF 5548.2 | ||
| 050 | _b.M44 2003 | ||
| 100 | _aMehta, Versha. | ||
| 245 | 0 | _aComputer applications in business management / | |
| 245 | 0 | _cVersha Mehta, N. Kumar. | |
| 260 | _aNew Delhi : | ||
| 260 | _bAnmol Publications, | ||
| 260 | _c2003 | ||
| 300 | _a498 pages : | ||
| 300 | _c24 cm. | ||
| 500 | _aIncludes index. | ||
| 650 | _aBusiness -- Data processing. | ||
| 650 | _xManagement -- Data processing. | ||
| 999 |
_c357126 _d357126 |
||